The cellular basis of the immune response

Guardat en:
Dades bibliogràfiques
Autor principal: Golub, Edward S (Autor)
Format: Llibre
Idioma:anglès
Publicat: Sunderland Sinauer 1981
Edició:2a. ed
Matèries:
Etiquetes: Afegir etiqueta
Sense etiquetes, Sigues el primer a etiquetar aquest registre!

MARC

LEADER 00000nam a2200000 a 4500
001 UCQ4963
003 CL-VaPUC
008 980921e19810000US |||||||||||||||||eng|d
082 0 4 |a 571.96  |b GOL  |2 21 
100 0 |a Golub, Edward S  |e author  |9 419089 
245 1 4 |a The cellular basis of the immune response 
250 |a 2a. ed 
300 |a 330 p 
942 |c BK 
945 |d 19980921 00:00:00  |a mvenant 
260 |a Sunderland  |b Sinauer  |c 1981 
650 7 |a INMUNIDAD  |2 CL-VaPUC  |9 382169 
650 0 |a Linfocitos  |9 380005 
650 0 |a Células   |9 269548 
650 0 |a Anticuerpos  |9 374468 
650 0 |a Genética  |9 259443 
583 |a last modification  |c 19980921 00:00:00  |k Rodrigo Vera 
999 |c 275244  |d 275242 
952 |0 0  |1 0  |4 0  |6 571_960000000000000_GOL_1981  |7 0  |8 A  |9 311873  |a BIBCUR  |b BIBCUR  |d 2019-11-20  |i 3462951  |o 571.96 GOL 1981  |p 3462951  |r 2025-04-22  |w 2019-11-20  |y BK  |k BCB